=LDR 00000nam 2200000 4500 =001 INLIS000000000011178 =005 20130612102752 =008 ***********************************Ind** =035 ##$$0010-061300000011178 =041 ##$$a Ind =082 ##$$a 372.7 =090 ##$$a 372.7, Mat m =245 ##$$a Matematika mencangkup berhitung (tematung), Pendidikan Dasar kurikulum SD 1994 5a untuk siswa SD kelas 5 cawu I =260 ##$$a 1996 $b Semarang =300 ##$$a X-118 hlm., 21 cm =850 ##$$a NBPNMAT